[Event "vk18"]
[Site "Vinkovci"]
[Date "2018.07.29"]
[Round "9.4"]
[White "Simunic, Krunoslav"]
[Black "Alfirevic, Duje"]
[Result "1-0"]
[WhiteElo "2053"]
[BlackElo "1643"]
[PlyCount "147"]
[EventDate "2018.07.23"]

1. d4 d5 2. c4 c6 3. Nc3 Nf6 4. Nf3 dxc4 5. a4 Bf5 6. e3 e6 7. Bxc4 Bb4 8. O-O
O-O 9. Nh4 Bg4 10. f3 Bh5 11. g4 Bg6 12. Nxg6 hxg6 13. e4 Nbd7 14. Be3 e5 15.
d5 Nb6 16. Bb3 Bxc3 17. bxc3 cxd5 18. Bc5 Re8 19. a5 Nbd7 20. Be3 dxe4 21. fxe4
g5 22. Bxg5 Rf8 23. Qf3 Rc8 24. Rad1 Qe7 25. Bxf6 Nxf6 26. g5 Nh7 27. g6 Qg5+
28. Qg3 Qxg3+ 29. hxg3 Ng5 30. Rf5 Rxc3 31. Bxf7+ Nxf7 32. gxf7+ Kh7 33. Rd7
Rc5 34. Rxb7 Rxa5 35. Re7 g6 36. Rf3 Kg7 37. Kg2 Ra6 38. Kh3 Ra4 39. Rxe5 Rxf7
40. Rc3 Kf6 41. Re8 Rh7+ 42. Kg4 Kf7 43. Rcc8 Rh5 44. Kf4 Rf5+ 45. Kg4 Rf6 46.
Rf8+ Kg7 47. Rg8+ Kh6 48. Rge8 Rf7 49. Re6 Kh7 50. Rcc6 Ra1 51. Rxg6 a5 52. e5
Re7 53. Rg5 Re1 54. Kh5 Rh1+ 55. Kg4 Re1 56. Rc2 Rh1 57. Ra2 Ra7 58. e6 Re7 59.
Re5 Kg6 60. Raxa5 Rb1 61. Re4 Rb6 62. Rg5+ Kh6 63. Rge5 Kg6 64. Re2 Rb4+ 65.
R5e4 Rb5 66. Re5 Rb4+ 67. R2e4 Rb6 68. Kf4 Rb1 69. g4 Rf1+ 70. Ke3 Rd1 71. Rd4
Re1+ 72. Kf4 Rf1+ 73. Ke4 Ra1 74. Rd7 1-0

[Event "vk18"]
[Site "Vinkovci"]
[Date "2018.07.29"]
[Round "9.6"]
[White "Dabic, Stjepan"]
[Black "Mazuran, Gabrijel"]
[Result "1/2-1/2"]
[WhiteElo "2040"]
[BlackElo "1887"]
[PlyCount "40"]
[EventDate "2018.07.23"]

1. d4 Nf6 2. c4 e6 3. Nc3 Bb4 4. e3 O-O 5. Bd3 d5 6. Nf3 c5 7. O-O cxd4 8. exd4
dxc4 9. Bxc4 b6 10. Bg5 Bb7 11. Qe2 Nbd7 12. Bd3 Qb8 13. Rac1 Rc8 14. Rfd1 a6
15. Bh4 Bd6 16. Ne4 Nxe4 17. Bxe4 Bf4 18. Rc2 Rc7 19. Bxb7 Qxb7 20. Rxc7 Qxc7
1/2-1/2

[Event "vk18"]
[Site "Vinkovci"]
[Date "2018.07.29"]
[Round "9.7"]
[White "Karlusic, Luka"]
[Black "Birkic, Josip"]
[Result "1-0"]
[WhiteElo "1836"]
[BlackElo "1823"]
[PlyCount "99"]
[EventDate "2018.07.23"]

1. d4 Nf6 2. c4 e6 3. Nc3 Bb4 4. e3 c5 5. Nge2 d6 6. a3 Bxc3+ 7. Nxc3 O-O 8. d5
e5 9. e4 Re8 10. Be2 Nbd7 11. O-O Nf8 12. Be3 h6 13. f3 Ng6 14. Qc2 Nh5 15. g3
Qd7 16. Rfe1 Qe7 17. b4 b6 18. bxc5 bxc5 19. Rab1 Bh3 20. Bf1 Bxf1 21. Rxf1
Rab8 22. Qa4 Rb6 23. Rb5 Reb8 24. Rfb1 Qc7 25. Rxb6 Rxb6 26. Rxb6 Qxb6 27. Qb5
Nf6 28. g4 Nf8 29. g5 hxg5 30. Bxg5 N8d7 31. Bxf6 Nxf6 32. Qxb6 axb6 33. Nb5
Ne8 34. Na7 Nc7 35. a4 Kf8 36. Nc8 Na8 37. Nxd6 g6 38. Kf2 Nc7 39. Nc8 Na8 40.
Ke2 Ke8 41. Nd6+ Ke7 42. Nb5 f5 43. Ke3 f4+ 44. Kf2 Kf6 45. Kg2 Ke7 46. Kh3 Kf7
47. Kh4 Ke7 48. Kg5 Kf7 49. h3 Kg7 50. d6 1-0

[Event "vk18"]
[Site "Vinkovci"]
[Date "2018.07.29"]
[Round "9.1"]
[White "Vujic, Agata"]
[Black "Golub, Nikolina"]
[Result "1/2-1/2"]
[WhiteElo "1509"]
[BlackElo "1917"]
[PlyCount "32"]
[EventDate "2018.07.23"]

1. e4 c5 2. Nf3 d6 3. d4 cxd4 4. Nxd4 Nf6 5. f3 e5 6. Nb3 Be7 7. Be3 Be6 8. Nc3
a6 9. Be2 Nbd7 10. O-O O-O 11. Kh1 Qc7 12. Qe1 Nb6 13. Nd2 d5 14. Bxb6 Qxb6 15.
exd5 Nxd5 16. Nc4 Qc7 1/2-1/2

[Event "vk18"]
[Site "Vinkovci"]
[Date "2018.07.29"]
[Round "9.2"]
[White "Maroslavac, Ivana"]
[Black "Smetisko, Marija"]
[Result "0-1"]
[WhiteElo "1791"]
[BlackElo "1852"]
[PlyCount "98"]
[EventDate "2018.07.23"]

1. e4 e5 2. Nf3 Nc6 3. Nc3 Bc5 4. d3 Nf6 5. h3 h6 6. Be3 Bxe3 7. fxe3 d5 8.
exd5 Nxd5 9. Nxd5 Qxd5 10. e4 Qc5 11. Qd2 Be6 12. a3 O-O-O 13. O-O-O Nd4 14.
Qc3 Qxc3 15. bxc3 Nxf3 16. gxf3 c5 17. h4 Rd6 18. Bh3 Re8 19. Bxe6+ Rexe6 20.
Rhg1 g6 21. Kd2 Rf6 22. Rdf1 Ra6 23. Rg2 Rxa3 24. Rgf2 Rf4 25. Rh2 b5 26. Rh3
Kc7 27. h5 g5 28. Rg1 f6 29. Rg4 a5 30. Rxf4 exf4 31. Rh1 b4 32. cxb4 cxb4 33.
Rb1 Kc6 34. Kd1 Kc5 35. Kc1 a4 36. Kd2 Ra2 37. d4+ Kxd4 38. Rxb4+ Kc5 39. Rb8
a3 40. Rc8+ Kb6 41. Rf8 Ra1 42. Rxf6+ Kb7 43. Rf7+ Kb6 44. Rf6+ Kb5 45. Rf8 Rf1
46. Rb8+ Kc6 47. Ra8 Rxf3 48. Ra6+ Kb5 49. Ra8 g4 0-1

[Event "vk18"]
[Site "Vinkovci"]
[Date "2018.07.29"]
[Round "9.3"]
[White "Dejanovic, Tereza"]
[Black "Dasic, Jelena"]
[Result "1/2-1/2"]
[WhiteElo "1818"]
[BlackElo "1741"]
[PlyCount "136"]
[EventDate "2018.07.23"]

1. e4 c6 2. d4 d5 3. exd5 cxd5 4. Bd3 Nc6 5. Nf3 Nf6 6. c3 g6 7. O-O Bf5 8. Bf4
Bxd3 9. Qxd3 Bg7 10. h3 O-O 11. Nbd2 Rc8 12. Rfe1 e6 13. Qe3 Re8 14. Bh6 Bh8
15. Ne5 Nxe5 16. dxe5 Nd7 17. Nf3 Nc5 18. Ng5 f6 19. exf6 Bxf6 20. h4 Na4 21.
Qd2 Qb6 22. Qf4 Bxg5 23. Qxg5 Qxb2 24. Rab1 Qxc3 25. Re3 Qc7 26. h5 Nc5 27.
hxg6 Ne4 28. gxh7+ Kh8 29. Rxe4 dxe4 30. Rb3 Red8 31. Rg3 Qc1+ 32. Qxc1 Rxc1+
33. Bxc1 Rd1+ 34. Kh2 Rxc1 35. Rg6 Rc6 36. Rf6 Ra6 37. a3 Kxh7 38. Rf7+ Kg6 39.
Rxb7 Rxa3 40. g4 a5 41. Rb5 a4 42. Rb4 e3 43. fxe3 Kg5 44. Re4 Kh4 45. Kg2 Ra1
46. Rxe6 Kxg4 47. Rg6+ Kf5 48. Ra6 Ke4 49. Kf2 Ra2+ 50. Ke1 Kxe3 51. Kd1 Kd3
52. Kc1 Kc3 53. Rc6+ Kb3 54. Rb6+ Ka3 55. Kb1 Rg2 56. Rb8 Rg1+ 57. Kc2 Ka2 58.
Rb7 a3 59. Ra7 Rg2+ 60. Kc1 Rb2 61. Ra8 Rb3 62. Kc2 Rb7 63. Kc1 Rc7+ 64. Kd2
Kb2 65. Rb8+ Ka1 66. Rb3 a2 67. Rb8 Rh7 68. Kc2 Rh2+ 1/2-1/2